Responses for Show #910 - Friday, July 15, 1988

Bruce Naegeli game 2.
Missing introductions.

Contestants

[<< previous game]

George Scurlock, from Bloomfield, Connecticut

Kasey Arnold-Ince, originally from Berkeley, California

Bruce Naegeli, a librarian from Phoenix, Arizona (whose 1-day cash winnings total $10,700)

[next game >>]

Jeopardy! Round responses

THE ARABIAN NIGHTS
3-LETTER WORDS
CLOTHING
SPORTS
SCIENCE
STUFFED DOGS
    $100 6
Aladdin

Bruce
    $100 14
a die

Bruce
    $100 19
his head

Bruce
    $100 9
Doug Williams

George
    $100 1
lactose

Bruce
    $100 22
Spuds MacKenzie

Bruce
    $200 7
a flying carpet

Triple Stumper
    $200 15
a dip

George
    $200 24
(Alex: We've got less than a minute to go.)

to defrock

George
    $200 10
(George: What is the World Wrestling Foundation?)

the World Wrestling Federation

George
Triple Stumper
    $200 2
colorblindness

Bruce
    $200 23
Old Mother Hubbard

George
    $300 8
killing them

George
    $300 16
(George: What is [*]?)
(Alex: Say it again?)
(George: [*]. Deafening [*].)
(Alex: Spell it.)
...
(That's it; okay, sometimes our accents are a little different.)

a din

George
    $300 25
Capri

Kasey
    $300 11
(Alex: Yes, 1966 was the year.)

the '60s

George
    $300 3
Enrico Fermi

Bruce
    $300 28
Snoopy

George
    $400 20
the 1,000 and One Nights

Bruce
    $1,000 17
(Alex: [To George after the Daily Double is uncovered] We thought you were saying "den" as in "den of iniquity".)
...
(George: [Spelling it] What is [*]?)
[Laughter]
(Alex: Thank you for spelling it.)

Dix

George
    $400 26
a pleat

George
    $400 12
the Indy 500

George
    $400 4
(Kasey: What is ultrared?)

infrared

Kasey
Triple Stumper
    $400 29
the Pound Puppies

Kasey
    $500 21
(Alex: Not the actor, the other one.)
(Bruce: Right.)

Richard Burton

Bruce
    $500 18
did

Kasey
    $500 27
peignoir

Kasey
    $500 13
the luge

George
    $500 5
the ocean (tropical waters)

Triple Stumper
    $500 30
Bullet (the Wonder Dog)

George

Scores at the first commercial break (after clue 13):

Bruce Kasey George
$700 -$400 $1,400

Scores at the end of the Jeopardy! Round:

Bruce Kasey George
$1,900 $1,300 $4,500

Double Jeopardy! Round responses

PRESIDENTS
EXPLORERS
THE BEATLES
QUOTES
ART NEWS
THEMES & TRADEMARKS
    $200 5
John Quincy Adams

Kasey
    $200 10
the Cape of Good Hope

Bruce
    $200 1
Bob Eubanks

George
    $200 26
(George: What are [**]?)

the question (the questions)

George
    $200 17
to build his own museum

Bruce
    $200 2
an umbrella

George
    $400 6
Reconstruction

Bruce
    $400 11
the Golden Gate

Kasey
    $400 12
(George: What is the White Album?)

Sgt. Pepper

KaseyGeorge
    $400 27
[The end-of-round signal sounds.]

W.C. Fields

George
    $400 20
van Gogh

Bruce
    $500 3
(George: What is Star Trek?)
[Alex does not rule.]
...
(Alex: Okay, thank you very much; we wanted the full title.)

Star Trek: The Next Generation

George
    $600 7
(Alex: Not fast enough, Kasey.)

John Tyler

Triple Stumper
    $600 18
Magellan

Kasey
    $1,400 13
"Back In The U.S.S.R."

Kasey
    $600 23
the Nazis

Kasey
    $600 4
(George: What is wink?)

to smile

BruceGeorge
    $800 8
(Kasey: Who is Eisenhower?)

Richard Nixon

Kasey
Triple Stumper
    $800 21
(Bruce: Who is Cabot?)

Leif Erikson

Bruce
Triple Stumper
    $800 14
(George: What is "I Want To Hold Your [*]"?)
(Alex: Yes, you didn't have to give us the whole title, but that's all right...)

hand

George
    $800 24
Picasso

Kasey
    $800 15
Arm & Hammer

Triple Stumper
    $1000 9
Edith

Bruce
    $1000 22
(Alex: We've got a minute to go.)

only gold cures (only gold can cure)

Kasey
    $1000 19
[Kasey said "A" instead of "The".]

"The Long And Winding Road"

Kasey
    $1000 25
Georgia O'Keeffe

Triple Stumper
    $1000 16
Allied Van Lines

Triple Stumper

Scores at the end of the Double Jeopardy! Round:

Bruce Kasey George
$3,900 $6,900 $5,800

[wagering suggestions for these scores]

Final Jeopardy! Round responses

19th CENTURY AMERICA
BruceWho was A. Carneigie?
$3,800
GeorgeWho is Car Rockerfeller
$5,800
KaseyWho is Rockefeller?
$4,701
Andrew Carnegie

Final scores:

Bruce Kasey George
$7,700 $2,199 $0
2-day champion: $18,400 2nd place: trip on Eastern to San Juan Puerto Rico & stay at Condado Plaza Hotel & Casino 3rd place: Daniel Mink his & hers watches

Game dynamics:

Coryat scores:

Bruce Kasey George
$3,900 $6,100 $5,100
15 R,
1 W
13 R
(including 1 DD),
2 W
19 R
(including 2 DDs),
3 W

Combined Coryat: $15,100

[game clues] [game scores] [suggest correction]

Game tape date: 1988-03-28
The J! Archive is created by fans, for fans. Scraping, republication, monetization, and malicious use prohibited; this site may use cookies and collect identifying information. See terms. The Jeopardy! game show and all elements thereof, including but not limited to copyright and trademark thereto, are the property of Jeopardy Productions, Inc. and are protected under law. This website is not affiliated with, sponsored by, or operated by Jeopardy Productions, Inc. Join the discussion at JBoard.tv.